| 000 | 02152cam a22002174a 4500 | ||
|---|---|---|---|
| 005 | 20250605163436.0 | ||
| 008 | 250528s ||||||||||||||||||||||||d | ||
| 035 | _a19304 | ||
| 020 | _a9604020021 | ||
| 040 |
_aGR-AtMCL _bgre _dGR-AtMCL _eAACR2 |
||
| 245 | 1 |
_aΗ Έρευνα στην Προσχολική Εκπαίδευση / Διδακτική Μεθοδολογία. _nΤόμος Α' |
|
| 250 | _a1η | ||
| 260 |
_bΤυπωθήτω, _c2001 |
||
| 300 | _a344 | ||
| 520 | _aΤο παρόν βιβλίο αποτελεί μια αξιόλογη ενημέρωσης για τους φοιτητές των Παιδαγωγικών Τμημάτων αλλά και για όλους όσους, εξαιτίας των επαγγελματικών και ερευνητικών τους ενδιαφερόντων, ασχολούνται συστηματικά με την προσχολική και πρωτοσχολική εκπαίδευση. Γλωσσική Καλλιέργεια του Νηπίου, Σχεδιασμός και Εφαρμογή Προγράμματος για την Ανάδυση των Δεξιοτήτων Ανάγνωσης και Γραφής στα Παιδιά του Νηπιαγωγείου, Παιδική Λογοτεχνία, Ιστορικές Έννοιες, Αισθητική Αγωγή, Προωθώντας τις Δημιουργικές Ικανότητες των Παιδιών μέσα από ένα Εικαστικό Πρόγραμμα με Φαινομενικά Άχρηστο Υλικό, Αισθητική Αγωγή: η Θέση και ο Ρόλος της Αισθητικής στην Εκπαίδευση, Έννοιες των Φυσικών Επιστημών, Η Εφαρμογή της Εργασίας σε Ομάδες με Παιδιά μέσα από Πειραματικές Δραστηριότητες των Φυσικών Επιστημών, Πρόσφατες Κατευθύνσεις στην Εκπαίδευση. | ||
| 700 | 1 | _aΔαρδανός Γιώργος | |
| 700 | 1 | _aΚούρτη Ευαγγελία | |
| 942 | _cBK | ||
| 999 |
_c4564 _d4564 |
||